<?xml version="1.0" encoding="UTF-8"?>
<record
    xmlns:xsi="http://www.w3.org/2001/XMLSchema-instance"
    xsi:schemaLocation="http://www.loc.gov/MARC21/slim http://www.loc.gov/standards/marcxml/schema/MARC21slim.xsd"
    xmlns="http://www.loc.gov/MARC21/slim">

  <leader>01370nam a2200205Ia 4500</leader>
  <datafield tag="999" ind1=" " ind2=" ">
    <subfield code="c">38789</subfield>
    <subfield code="d">38789</subfield>
  </datafield>
  <controlfield tag="001">5142</controlfield>
  <controlfield tag="003">GE_BSU</controlfield>
  <controlfield tag="005">20190627185104.0</controlfield>
  <controlfield tag="008">181216s1973||||ge |||||||||||||| ||geo||</controlfield>
  <datafield tag="080" ind1=" " ind2=" ">
    <subfield code="a">621.35(075.8)+621.351+620.193 &#x10D0;-24</subfield>
  </datafield>
  <datafield tag="100" ind1=" " ind2=" ">
    <subfield code="a">&#x10D0;&#x10D2;&#x10DA;&#x10D0;&#x10EB;&#x10D4;, &#x10E0;. </subfield>
    <subfield code="9">3004</subfield>
  </datafield>
  <datafield tag="245" ind1=" " ind2=" ">
    <subfield code="a">&#x10D2;&#x10D0;&#x10DB;&#x10DD;&#x10E7;&#x10D4;&#x10DC;&#x10D4;&#x10D1;&#x10D8;&#x10D7;&#x10D8; &#x10D4;&#x10DA;&#x10D4;&#x10E5;&#x10E2;&#x10E0;&#x10DD;&#x10E5;&#x10D8;&#x10DB;&#x10D8;&#x10D0;:&#x10D3;&#x10D4;&#x10DC;&#x10D8;&#x10E1; &#x10E5;&#x10D8;&#x10DB;&#x10D8;&#x10E3;&#x10E0;&#x10D8; &#x10EC;&#x10E7;&#x10D0;&#x10E0;&#x10DD;&#x10D4;&#x10D1;&#x10D8;&#x10E1;,&#x10DA;&#x10D8;&#x10D7;&#x10DD;&#x10DC;&#x10D7;&#x10D0; &#x10D9;&#x10DD;&#x10E0;&#x10DD;&#x10D6;&#x10D8;&#x10D8;&#x10E1;&#x10D0; &#x10D3;&#x10D0; &#x10D2;&#x10D0;&#x10DA;&#x10D5;&#x10D0;&#x10DC;&#x10DD;&#x10E2;&#x10D4;&#x10E5;&#x10DC;&#x10D8;&#x10D9;&#x10D8;&#x10E1; &#x10DA;&#x10D0;&#x10D1;&#x10DD;&#x10E0;&#x10D0;&#x10E2;&#x10DD;&#x10E0;&#x10D8;&#x10E3;&#x10DA;&#x10D8; &#x10DE;&#x10E0;&#x10D0;&#x10E5;&#x10E2;&#x10D8;&#x10D9;&#x10E3;&#x10DB;&#x10D8;</subfield>
    <subfield code="b">&#x10E1;&#x10D0;&#x10EE;&#x10D4;&#x10DA;&#x10DB;&#x10EB;&#x10E6;&#x10D5;.    /</subfield>
    <subfield code="c">&#x10E0;. &#x10D0;&#x10D2;&#x10DA;&#x10D0;&#x10EB;&#x10D4; ;  &#x10DC;. &#x10F0;&#x10DD;&#x10E4;&#x10DB;&#x10D0;&#x10DC;&#x10D8; ;  &#x10E0;&#x10D4;&#x10D3; : &#x10D0;.&#x10D0;&#x10D5;&#x10D0;&#x10DA;&#x10D8;&#x10D0;&#x10DC;&#x10D8;.</subfield>
  </datafield>
  <datafield tag="264" ind1=" " ind2=" ">
    <subfield code="a">&#x10D7;&#x10D1;&#x10D8;&#x10DA;&#x10D8;&#x10E1;&#x10D8; :</subfield>
    <subfield code="b">&#x10D2;&#x10D0;&#x10DC;&#x10D0;&#x10D7;&#x10DA;&#x10D4;&#x10D1;&#x10D0;, </subfield>
    <subfield code="c">1973.</subfield>
  </datafield>
  <datafield tag="300" ind1=" " ind2=" ">
    <subfield code="a">366 &#x10D2;&#x10D5; .:</subfield>
    <subfield code="b">&#x10D8;&#x10DA;; </subfield>
    <subfield code="c">22 &#x10E1;&#x10DB;.</subfield>
  </datafield>
  <datafield tag="653" ind1=" " ind2=" ">
    <subfield code="a">&#x10D2;&#x10D0;&#x10DB;&#x10DD;&#x10E7;&#x10D4;&#x10DC;&#x10D4;&#x10D1;&#x10D8;&#x10D7;&#x10D8; &#x10D4;&#x10DA;&#x10D4;&#x10E5;&#x10E2;&#x10E0;&#x10DD;&#x10E5;&#x10D8;&#x10DB;&#x10D8;&#x10D0;</subfield>
  </datafield>
  <datafield tag="653" ind1=" " ind2=" ">
    <subfield code="a">&#x10D3;&#x10D4;&#x10DC;&#x10D8;&#x10E1; &#x10E5;&#x10D8;&#x10DB;&#x10D8;&#x10E3;&#x10E0;&#x10D8; &#x10EC;&#x10E7;&#x10D0;&#x10E0;&#x10DD;&#x10D4;&#x10D1;&#x10D8;&#x10E1;,&#x10DA;&#x10D8;&#x10D7;&#x10DD;&#x10DC;&#x10D7;&#x10D0; &#x10D9;&#x10DD;&#x10E0;&#x10DD;&#x10D6;&#x10D8;&#x10D8;&#x10E1;&#x10D0; &#x10D3;&#x10D0; &#x10D2;&#x10D0;&#x10DA;&#x10D5;&#x10D0;&#x10DC;&#x10DD;&#x10E2;&#x10D4;&#x10E5;&#x10DC;&#x10D8;&#x10D9;&#x10D8;&#x10E1; &#x10DA;&#x10D0;&#x10D1;&#x10DD;&#x10E0;&#x10D0;&#x10E2;&#x10DD;&#x10E0;&#x10D8;&#x10E3;&#x10DA;&#x10D8; &#x10DE;&#x10E0;&#x10D0;&#x10E5;&#x10E2;&#x10D8;&#x10D9;&#x10E3;&#x10DB;&#x10D8;</subfield>
  </datafield>
  <datafield tag="700" ind1=" " ind2=" ">
    <subfield code="a">&#x10F0;&#x10DD;&#x10E4;&#x10DB;&#x10D0;&#x10DC;&#x10D8;, &#x10DC;.</subfield>
    <subfield code="9">3005</subfield>
  </datafield>
  <datafield tag="700" ind1=" " ind2=" ">
    <subfield code="a">&#x10D0;&#x10D5;&#x10D0;&#x10DA;&#x10D8;&#x10D0;&#x10DC;&#x10D8;, &#x10D0;</subfield>
    <subfield code="e">&#x10E0;&#x10D4;&#x10D3;&#x10D0;&#x10E5;&#x10E2;&#x10DD;&#x10E0;&#x10D8;</subfield>
    <subfield code="9">3006</subfield>
  </datafield>
  <datafield tag="942" ind1=" " ind2=" ">
    <subfield code="c">BK</subfield>
    <subfield code="2">udc</subfield>
  </datafield>
  <datafield tag="952" ind1=" " ind2=" ">
    <subfield code="0">0</subfield>
    <subfield code="1">0</subfield>
    <subfield code="2">udc</subfield>
    <subfield code="4">0</subfield>
    <subfield code="6">621350758621351620193_&#x10D0;24</subfield>
    <subfield code="7">0</subfield>
    <subfield code="9">41122</subfield>
    <subfield code="a">SPL</subfield>
    <subfield code="b">SPL</subfield>
    <subfield code="c">GEN</subfield>
    <subfield code="d">2018-12-17</subfield>
    <subfield code="g">1.00</subfield>
    <subfield code="o">621.35(075.8)+621.351+620.193 &#x10D0;-24</subfield>
    <subfield code="p">10958</subfield>
    <subfield code="r">2018-12-17</subfield>
    <subfield code="t">10958</subfield>
    <subfield code="w">2018-12-17</subfield>
    <subfield code="y">BK</subfield>
    <subfield code="z">1 &#x10DA;. 94 &#x10D7;.</subfield>
  </datafield>
  <datafield tag="952" ind1=" " ind2=" ">
    <subfield code="0">0</subfield>
    <subfield code="1">0</subfield>
    <subfield code="2">udc</subfield>
    <subfield code="4">0</subfield>
    <subfield code="6">621350758621351620193_&#x10D0;24</subfield>
    <subfield code="7">0</subfield>
    <subfield code="9">41123</subfield>
    <subfield code="a">SPL</subfield>
    <subfield code="b">SPL</subfield>
    <subfield code="c">GEN</subfield>
    <subfield code="d">2018-12-17</subfield>
    <subfield code="g">1.00</subfield>
    <subfield code="o">621.35(075.8)+621.351+620.193 &#x10D0;-24</subfield>
    <subfield code="p">10959</subfield>
    <subfield code="r">2018-12-17</subfield>
    <subfield code="t">10959</subfield>
    <subfield code="w">2018-12-17</subfield>
    <subfield code="y">BK</subfield>
    <subfield code="z">1 &#x10DA;. 94 &#x10D7;.</subfield>
  </datafield>
  <datafield tag="952" ind1=" " ind2=" ">
    <subfield code="0">0</subfield>
    <subfield code="1">0</subfield>
    <subfield code="2">udc</subfield>
    <subfield code="4">0</subfield>
    <subfield code="6">621350758621351620193_&#x10D0;24</subfield>
    <subfield code="7">0</subfield>
    <subfield code="9">41124</subfield>
    <subfield code="a">SPL</subfield>
    <subfield code="b">SPL</subfield>
    <subfield code="c">GEN</subfield>
    <subfield code="d">2018-12-17</subfield>
    <subfield code="g">1.00</subfield>
    <subfield code="o">621.35(075.8)+621.351+620.193 &#x10D0;-24</subfield>
    <subfield code="p">10960</subfield>
    <subfield code="r">2018-12-17</subfield>
    <subfield code="t">10960</subfield>
    <subfield code="w">2018-12-17</subfield>
    <subfield code="y">BK</subfield>
    <subfield code="z">1 &#x10DA;. 94 &#x10D7;.</subfield>
  </datafield>
  <datafield tag="952" ind1=" " ind2=" ">
    <subfield code="0">0</subfield>
    <subfield code="1">0</subfield>
    <subfield code="2">udc</subfield>
    <subfield code="4">0</subfield>
    <subfield code="6">621350758621351620193_&#x10D0;24</subfield>
    <subfield code="7">0</subfield>
    <subfield code="9">41125</subfield>
    <subfield code="a">SPL</subfield>
    <subfield code="b">SPL</subfield>
    <subfield code="c">GEN</subfield>
    <subfield code="d">2018-12-17</subfield>
    <subfield code="g">1.00</subfield>
    <subfield code="o">621.35(075.8)+621.351+620.193 &#x10D0;-24</subfield>
    <subfield code="p">10961</subfield>
    <subfield code="r">2018-12-17</subfield>
    <subfield code="t">10961</subfield>
    <subfield code="w">2018-12-17</subfield>
    <subfield code="y">BK</subfield>
    <subfield code="z">1 &#x10DA;. 94 &#x10D7;.</subfield>
  </datafield>
  <datafield tag="952" ind1=" " ind2=" ">
    <subfield code="0">0</subfield>
    <subfield code="1">0</subfield>
    <subfield code="2">udc</subfield>
    <subfield code="4">0</subfield>
    <subfield code="6">621350758621351620193_&#x10D0;24</subfield>
    <subfield code="7">0</subfield>
    <subfield code="9">41126</subfield>
    <subfield code="a">SPL</subfield>
    <subfield code="b">SPL</subfield>
    <subfield code="c">GEN</subfield>
    <subfield code="d">2018-12-17</subfield>
    <subfield code="g">1.00</subfield>
    <subfield code="o">621.35(075.8)+621.351+620.193 &#x10D0;-24</subfield>
    <subfield code="p">10962</subfield>
    <subfield code="r">2018-12-17</subfield>
    <subfield code="t">10962</subfield>
    <subfield code="w">2018-12-17</subfield>
    <subfield code="y">BK</subfield>
    <subfield code="z">1 &#x10DA;. 94 &#x10D7;.</subfield>
  </datafield>
</record>
